000 00891nam a22002777a 4500
001 6960
003 FISKH
005 20250611161327.0
008 250611b cb ||||| |||| 00| 0 eng d
020 _a9781338782226
040 _aFISKH
_beng
_cFISKH
_dFISKH
050 _aM672
082 _a599.757
100 _aMiranda, Anne
245 _aLions of the plains /
_cby Anne Miranda
260 _aNew York :
_bScholastic,
_c1998.
300 _a31 pages :
_bcolor illustrations ;
_c23 cm
490 _aPhonics : Chapter book.
505 _aJ
520 _a"Two lion cubs open their eyes for the very first time. See how the mother lion takes care of them. Find out about their life as they grow up on the African plains."--Page 4 of cover.
521 8 _a460
_bLexile
521 8 _aJ
_bRaz-Plus
650 _aAnimals
_vPhonics
942 _2ddc
_cBK
_n0
999 _c6960
_d6960